000 01414nam a2200349 c 4500
003 BLK
005 20250704091938.0
008 180408b bul|||||r ||||||| ||bul||
010 _aKNG00087880000
020 _a978-954-585-975-5
_bиздат.: Бард
040 _aBLK
041 _aBUL
_cBUL
080 _aАмериканска литература (на САЩ)
_b821.111(73)
_x-312.4
_z821.111(73)-312.4
100 1 _aРолинс, Джеймс
_eпърви автор
_gЧайковски, Джим
_9116829
139 _aРолинс, Джеймс
_bР 82
245 1 0 _aПоследният оракул
_bРоман
_cДжеймс Ролинс; прев. Милена Маринова Илиева.
257 _aUSA
260 София
_bБард
_c2008
_fХасково : Полиграфюг
300 _a556 с.
_c20 см
380 _aX
490 1 _aКралете на трилъра
500 _aОриг. загл. The Last Oracle / James Rollins. - Джеймс Ролинс - псевд. на Джим Чайковски.
653 _aтрилъри
653 _aромани
700 1 _aИлиева, Милена Маринова
_972691
852 _aЦб 242886
856 4 _qpdf
_u
856 4 _qpdf
_u
942 _cKNG
_n0
_042
944 _aCR
_c18.02.2009
_lМинев Младен
_k30530
944 _aED
_c08.02.2018
_lф /
_kЛюдмила_Стоянова
999 _c83333
_d83333